[Event "Mittelfranken-chTB2a 1819"]
[Site "Mittelfranken"]
[Date "2019.04.28"]
[Round "9.3"]
[White "Kuehn, Daniel"]
[Black "Handl, Johannes"]
[Result "1/2-1/2"]
[WhiteElo "1943"]
[BlackElo "1844"]
[PlyCount "50"]
[EventDate "2018.10.14"]
[EventType "team-tourn"]
[EventRounds "9"]
[EventCountry "GER"]
[SourceTitle "EXT 2022"]
[Source "ChessBase"]
[SourceDate "2021.10.06"]
[SourceVersion "1"]
[SourceVersionDate "2021.10.06"]
[SourceQuality "1"]
[WhiteTeam "Fuerth SF"]
[BlackTeam "Bubenreuth"]
[WhiteTeamCountry "GER"]
[BlackTeamCountry "GER"]

1. e4 c5 2. Nf3 d6 3. d4 cxd4 4. Nxd4 Nf6 5. Nc3 a6 6. Be2 e6 7. Be3 Qc7 8. f4 Be7 9. Bf3 Nc6 10. Qe2 0-0 11. g4 Nxd4 12. Bxd4 e5 13. Be3 exf4 14. Bxf4 Be6 15. 0-0-0 Nd7 16. Nd5 Bxd5 17. Rxd5 Ne5 18. Rhd1 Rfd8 19. g5 Rac8 20. Bg2 Nc4 21. h4 Nxb2 22. Kxb2 Qc3+ 23. Kc1 Qa1+ 24. Kd2 Qc3+ 25. Kc1 Qa1+ 1/2-1/2

[Event "Mittelfranken-chTB1 1617"]
[Site "Mittelfranken"]
[Date "2017.02.12"]
[Round "6.2"]
[White "Kuehn, Daniel"]
[Black "Medunova, Vera"]
[Result "0-1"]
[WhiteElo "1954"]
[BlackElo "2064"]
[PlyCount "94"]
[EventDate "2016.10.23"]
[EventType "team-tourn"]
[EventRounds "9"]
[EventCountry "GER"]
[SourceTitle "EXT 2022"]
[Source "ChessBase"]
[SourceDate "2021.10.06"]
[SourceVersion "1"]
[SourceVersionDate "2021.10.06"]
[SourceQuality "1"]
[WhiteTeam "Fuerth SF"]
[BlackTeam "Rothenburg"]
[WhiteTeamCountry "GER"]
[BlackTeamCountry "GER"]

1. e4 c5 2. Nf3 Nc6 3. d4 cxd4 4. Nxd4 e5 5. Nb5 d6 6. N1c3 a6 7. Na3 Be6 8. Nc4 Rc8 9. Ne3 Be7 10. g3 Bg5 11. Bg2 Nge7 12. 0-0 Bxe3 13. Bxe3 0-0 14. Qd2 Qc7 15. Na4 b5 16. Nb6 Rb8 17. Nd5 Bxd5 18. exd5 Na5 19. b3 Nf5 20. Bh3 Nxe3 21. fxe3 Nb7 22. b4 Qc4 23. Rf2 Nd8 24. c3 f6 25. a4 Rf7 26. axb5 axb5 27. Ra6 Qc7 28. Be6 Nxe6 29. dxe6 Rff8 30. Rxd6 Rfd8 31. Rd7 Rxd7 32. Qxd7 Qxd7 33. exd7 Kf7 34. Rd2 Ke7 35. d8Q+ Rxd8 36. Rxd8 Kxd8 37. e4 g6 38. g4 Kd7 39. Kf2 Ke6 40. Ke3 f5 41. gxf5+ gxf5 42. exf5+ Kxf5 43. Kd3 e4+ 44. Ke3 Ke5 45. h4 h5 46. c4 bxc4 47. b5 c3 0-1

[Event "Mittelfranken-chTB1 1415"]
[Site "Mittelfranken"]
[Date "2015.03.22"]
[Round "8.2"]
[White "Sippl, Martin"]
[Black "Kuehn, Daniel"]
[Result "1-0"]
[WhiteElo "1950"]
[BlackElo "1998"]
[PlyCount "69"]
[EventDate "2014.09.29"]
[EventType "team-tourn"]
[EventRounds "9"]
[EventCountry "GER"]
[SourceTitle "EXT 2020"]
[Source "ChessBase"]
[SourceDate "2019.10.17"]
[SourceVersion "1"]
[SourceVersionDate "2019.10.17"]
[SourceQuality "1"]
[WhiteTeam "Postbauer Heng"]
[BlackTeam "Fuerth SF"]
[WhiteTeamCountry "GER"]
[BlackTeamCountry "GER"]

1. e4 e5 2. Nf3 Nc6 3. Bc4 Bc5 4. c3 Nf6 5. d3 d6 6. Bb3 a6 7. Nbd2 0-0 8. Qe2 b5 9. h3 Nh5 10. Nf1 Kh8 11. Ng5 g6 12. Nxf7+ Rxf7 13. Bxf7 Qf6 14. Bd5 Bd7 15. g3 Rf8 16. Be3 Ne7 17. Bb3 Bxe3 18. Nxe3 c6 19. Rh2 a5 20. Ng4 Qg7 21. a4 Rb8 22. axb5 Rxb5 23. Bc4 Rb8 24. Rxa5 Bxg4 25. hxg4 Nf6 26. Ra7 d5 27. exd5 cxd5 28. Qxe5 Nc6 29. Qxb8+ Nxb8 30. Rxg7 Kxg7 31. g5 Ng4 32. Rh4 Ne5 33. Bxd5 Nxd3+ 34. Ke2 Ne5 35. Rb4 1-0

[Event "Mittelfranken-chTB1 1415"]
[Site "Mittelfranken"]
[Date "2014.11.16"]
[Round "3.1"]
[White "Brenner, Christian"]
[Black "Kuehn, Daniel"]
[Result "1-0"]
[WhiteElo "1884"]
[BlackElo "1998"]
[PlyCount "59"]
[EventDate "2014.09.29"]
[EventType "team-tourn"]
[EventRounds "9"]
[EventCountry "GER"]
[SourceTitle "EXT 2020"]
[Source "ChessBase"]
[SourceDate "2019.10.17"]
[SourceVersion "1"]
[SourceVersionDate "2019.10.17"]
[SourceQuality "1"]
[WhiteTeam "Nuernberg Zabo"]
[BlackTeam "Fuerth SF"]
[WhiteTeamCountry "GER"]
[BlackTeamCountry "GER"]

1. e4 e5 2. Nf3 Nc6 3. Bb5 a6 4. Ba4 Nf6 5. 0-0 b5 6. Bb3 Be7 7. Qe2 d6 8. c3 0-0 9. Rd1 Na5 10. Bc2 c5 11. d4 Qc7 12. d5 Bg4 13. Nbd2 h6 14. Nf1 Nh7 15. h3 Bxf3 16. Qxf3 Bg5 17. Ng3 Bxc1 18. Raxc1 g6 19. b3 c4 20. Qe3 cxb3 21. axb3 Kg7 22. f4 exf4 23. Qxf4 Qxc3 24. Qxd6 Rfd8 25. Qf4 Nxb3 26. Bxb3 Qxb3 27. Rf1 Ra7 28. Rc6 Qb2 29. e5 Nf8 30. Qf6+ 1-0

[Event "Mittelfranken-chTB1 1213"]
[Site "Germany"]
[Date "2013.03.10"]
[Round "8.2"]
[White "Goetz, Andreas"]
[Black "Kuehn, Daniel"]
[Result "1/2-1/2"]
[WhiteElo "2030"]
[BlackElo "2029"]
[PlyCount "77"]
[EventDate "2012.10.07"]
[EventType "team-tourn"]
[EventRounds "9"]
[EventCountry "GER"]
[SourceTitle "EXT 2019"]
[Source "ChessBase"]
[SourceDate "2018.10.10"]
[SourceVersion "1"]
[SourceVersionDate "2018.10.10"]
[SourceQuality "1"]
[WhiteTeam "Erlangen SC II"]
[BlackTeam "Fuerth SF"]
[WhiteTeamCountry "GER"]
[BlackTeamCountry "GER"]

1. c4 e5 2. g3 Nf6 3. Bg2 Be7 4. Nc3 0-0 5. Nf3 Nc6 6. 0-0 d6 7. d3 Nd4 8. b4 Nxf3+ 9. Bxf3 d5 10. Nxd5 Nxd5 11. Bxd5 c6 12. Bg2 Bxb4 13. Qb3 Bc5 14. Ba3 Bxa3 15. Qxa3 Bg4 16. Qb2 Qc7 17. Rab1 Rab8 18. Qd2 Rfe8 19. Rb2 f5 20. Qg5 h6 21. Qe3 b6 22. a4 Bh5 23. h4 Bg6 24. Qf3 e4 25. dxe4 Rxe4 26. h5 Bf7 27. Qxf5 Re5 28. Qf3 Bxh5 29. Qxc6 Qxc6 30. Bxc6 Rxe2 31. Bd5+ Kf8 32. Rxe2 Bxe2 33. Re1 Re8 34. a5 Bd3 35. Rd1 Be4 36. axb6 axb6 37. Rd4 Bxd5 38. Rxd5 Re4 39. Rd6 1/2-1/2

[Event "Mittelfranken-chTB1 1213"]
[Site "Germany"]
[Date "2013.02.11"]
[Round "7.2"]
[White "Kuehn, Daniel"]
[Black "Wulfmeyer, Johannes"]
[Result "1/2-1/2"]
[WhiteElo "2029"]
[BlackElo "2116"]
[PlyCount "42"]
[EventDate "2012.10.07"]
[EventType "team-tourn"]
[EventRounds "9"]
[EventCountry "GER"]
[SourceTitle "EXT 2019"]
[Source "ChessBase"]
[SourceDate "2018.10.10"]
[SourceVersion "1"]
[SourceVersionDate "2018.10.10"]
[SourceQuality "1"]
[WhiteTeam "Fuerth SF"]
[BlackTeam "Nuernberg NT III"]
[WhiteTeamCountry "GER"]
[BlackTeamCountry "GER"]

1. e4 c5 2. Nf3 d6 3. d4 cxd4 4. Nxd4 Nf6 5. Nc3 a6 6. Be2 e5 7. Nb3 Be7 8. g4 h6 9. h3 b5 10. Be3 Bb7 11. Bf3 Nbd7 12. Qd3 Nc5 13. Nxc5 dxc5 14. Nd5 c4 15. Nxf6+ Bxf6 16. Qxd8+ Rxd8 17. Ke2 Bg5 18. Rad1 Ke7 19. Bb6 Rxd1 20. Rxd1 Rc8 21. Ba5 Ke8 1/2-1/2

[Event "Mittelfranken-chTB1 1213"]
[Site "Germany"]
[Date "2012.12.17"]
[Round "5.2"]
[White "Kuehn, Daniel"]
[Black "Kuhn, Christian"]
[Result "1/2-1/2"]
[WhiteElo "2029"]
[BlackElo "1842"]
[PlyCount "40"]
[EventDate "2012.10.07"]
[EventType "team-tourn"]
[EventRounds "9"]
[EventCountry "GER"]
[SourceTitle "EXT 2019"]
[Source "ChessBase"]
[SourceDate "2018.10.10"]
[SourceVersion "1"]
[SourceVersionDate "2018.10.10"]
[SourceQuality "1"]
[WhiteTeam "Fuerth SF"]
[BlackTeam "Nuernberg Sued SW III"]
[WhiteTeamCountry "GER"]
[BlackTeamCountry "GER"]

1. e4 e5 2. Nf3 Nf6 3. Nxe5 d6 4. Nf3 Nxe4 5. Nc3 Nxc3 6. dxc3 Be7 7. Be3 0-0 8. Qd2 Nc6 9. 0-0-0 Be6 10. Nd4 Nxd4 11. cxd4 d5 12. f4 Bf5 13. Rg1 Be4 14. g4 f5 15. gxf5 Bxf5 16. Bd3 Qd7 17. Qg2 Bf6 18. Bf2 Rae8 19. h4 Be4 20. Qg3 Qf5 1/2-1/2

[Event "Mittelfranken-chTB1 1213"]
[Site "Germany"]
[Date "2012.12.02"]
[Round "4.2"]
[White "Erlbeck, Peter"]
[Black "Kuehn, Daniel"]
[Result "1/2-1/2"]
[WhiteElo "2043"]
[BlackElo "2029"]
[PlyCount "88"]
[EventDate "2012.10.07"]
[EventType "team-tourn"]
[EventRounds "9"]
[EventCountry "GER"]
[SourceTitle "EXT 2019"]
[Source "ChessBase"]
[SourceDate "2018.10.10"]
[SourceVersion "1"]
[SourceVersionDate "2018.10.10"]
[SourceQuality "1"]
[WhiteTeam "Nuernberg Sued SW II"]
[BlackTeam "Fuerth SF"]
[WhiteTeamCountry "GER"]
[BlackTeamCountry "GER"]

1. e4 e5 2. Nf3 Nc6 3. Bb5 a6 4. Bxc6 dxc6 5. 0-0 Qd6 6. Na3 Be6 7. d3 f6 8. Be3 c5 9. Qe2 Ne7 10. c3 Nc6 11. Nc2 Bg4 12. Rfd1 Qe6 13. Bd2 Bd6 14. Ne3 Bh5 15. Nf5 0-0 16. Be3 Ne7 17. Ng3 Bf7 18. Nh4 g6 19. Rf1 c4 20. dxc4 Qxc4 21. Qxc4 Bxc4 22. Rfd1 f5 23. exf5 Nxf5 24. Nhxf5 gxf5 25. Bg5 Kg7 26. b3 Bb5 27. c4 Bc6 28. Bd2 f4 29. Nf1 Rf5 30. Bc3 Kf7 31. b4 Rg8 32. g3 b6 33. a4 h5 34. a5 b5 35. c5 Be7 36. Ra2 h4 37. Re1 e4 38. Bd4 e3 39. fxe3 hxg3 40. hxg3 fxg3 41. e4 Rf4 42. Be5 Rxe4 43. Rxe4 Bxe4 44. Nxg3 c6 1/2-1/2

[Event "Mittelfranken-chTB1 1213"]
[Site "Germany"]
[Date "2012.10.07"]
[Round "6.2"]
[White "Kroneder, Christian"]
[Black "Kuehn, Daniel"]
[Result "1-0"]
[WhiteElo "2014"]
[BlackElo "2029"]
[PlyCount "91"]
[EventDate "2012.10.07"]
[EventType "team-tourn"]
[EventRounds "9"]
[EventCountry "GER"]
[SourceTitle "EXT 2019"]
[Source "ChessBase"]
[SourceDate "2018.10.10"]
[SourceVersion "1"]
[SourceVersionDate "2018.10.10"]
[SourceQuality "1"]
[WhiteTeam "Schwanstetten"]
[BlackTeam "Fuerth SF"]
[WhiteTeamCountry "GER"]
[BlackTeamCountry "GER"]

1. e4 e5 2. Nf3 Nc6 3. Bc4 Bc5 4. b4 Bb6 5. 0-0 d6 6. a4 a6 7. c3 Nf6 8. d4 0-0 9. dxe5 Nxe5 10. Nxe5 dxe5 11. Qxd8 Rxd8 12. Bg5 h6 13. Bxf6 gxf6 14. Na3 Be6 15. Bxe6 fxe6 16. Rfd1 c6 17. Kf1 Kf8 18. Ke2 Ke7 19. Nc4 Bc7 20. a5 Rg8 21. g3 f5 22. f3 h5 23. Rd3 Rad8 24. Rad1 Rxd3 25. Rxd3 Rg7 26. Rd1 Kf6 27. Nb2 h4 28. Kf2 b6 29. axb6 Bxb6+ 30. Kg2 Be3 31. exf5 hxg3 32. hxg3 Bf4 33. fxe6 Rxg3+ 34. Kf2 Kxe6 35. Nd3 Rh3 36. Nc5+ Ke7 37. Ke2 Rh2+ 38. Kd3 Ra2 39. Kc4 Ra3 40. Rd7+ Kf6 41. Rd6+ Kf5 42. Rxc6 a5 43. Ne4 Bg5 44. b5 a4 45. b6 Bd8 46. b7 1-0

[Event "Mittelfranken-chTB1 1112"]
[Site "Germany"]
[Date "2012.01.15"]
[Round "5.4"]
[White "Sikorsky, Horst"]
[Black "Kuehn, Daniel"]
[Result "1/2-1/2"]
[WhiteElo "1979"]
[BlackElo "2058"]
[PlyCount "133"]
[EventDate "2011.09.25"]
[EventType "team-tourn"]
[EventRounds "9"]
[EventCountry "GER"]
[SourceTitle "EXT 2013"]
[Source "ChessBase"]
[SourceDate "2012.11.22"]
[SourceVersion "1"]
[SourceVersionDate "2012.11.22"]
[SourceQuality "1"]
[WhiteTeam "Gunzenhausen"]
[BlackTeam "Fuerth"]
[WhiteTeamCountry "GER"]
[BlackTeamCountry "GER"]

1. e4 e5 2. Nf3 Nc6 3. Bb5 a6 4. Ba4 Nf6 5. 0-0 b5 6. Bb3 Be7 7. Re1 d6 8. h3 Na5 9. d3 c6 10. Nbd2 0-0 11. c3 Nxb3 12. axb3 Be6 13. Nf1 a5 14. d4 Qc7 15. Ng5 Bd7 16. c4 h6 17. Nf3 c5 18. d5 Nh7 19. Ng3 b4 20. Nf5 Bg5 21. Nxg5 Nxg5 22. Ne7+ Kh7 23. Bxg5 f6 24. Be3 Bxh3 25. gxh3 Qxe7 26. Qg4 f5 27. exf5 Rf6 28. Kh2 Qf7 29. Rg1 Rxf5 30. Qe4 Kh8 31. Rg2 g5 32. h4 Kg7 33. hxg5 hxg5 34. Kg3 Rh8 35. Rh2 Rf4 36. Bxf4 gxf4+ 37. Kg2 Rxh2+ 38. Kxh2 Qh5+ 39. Kg2 Qg4+ 40. Kf1 Kf6 41. Qg2 Qf5 42. f3 Qd3+ 43. Qe2 Qh7 44. Ke1 Qh1+ 45. Qf1 Qh2 46. Rd1 Qxb2 47. Qd3 Qg2 48. Qe2 Qg1+ 49. Kd2 Qd4+ 50. Qd3 Qb2+ 51. Ke1 Qg2 52. Rb1 Qa2 53. Kd1 Qf2 54. Kc1 Qg2 55. Rb2 Qg1+ 56. Qd1 Qe3+ 57. Kb1 e4 58. fxe4 Qxe4+ 59. Ka2 a4 60. Qe2 axb3+ 61. Kxb3 Qf5 62. Qf3 Qg5 63. Rf2 Kf5 64. Re2 Qg3 65. Qxg3 fxg3 66. Re8 Kf4 67. Rf8+ 1/2-1/2

[Event "GER-chT North U16"]
[Site "Syke"]
[Date "2004.09.18"]
[Round "5.3"]
[White "Guennigmann, Laura"]
[Black "Kuehn, Daniel"]
[Result "1/2-1/2"]
[WhiteElo "1278"]
[BlackElo "1511"]
[PlyCount "86"]
[EventDate "2004.09.16"]
[EventType "team-swiss"]
[EventRounds "7"]
[EventCountry "GER"]
[SourceTitle "EXT 2006"]
[Source "ChessBase"]
[SourceDate "2005.11.24"]
[SourceVersion "1"]
[SourceVersionDate "2005.11.24"]
[SourceQuality "1"]

1. e4 e5 2. Bc4 Nf6 3. d3 d6 4. Nf3 Be7 5. c3 Bg4 6. Nbd2 0-0 7. 0-0 Nc6 8. Re1 a6 9. Bb3 Re8 10. Nf1 Na5 11. Bc2 c5 12. Ne3 Nc6 13. Bb3 Be6 14. Ng5 Qd7 15. Nf5 Nd8 16. Nxe6 Nxe6 17. d4 cxd4 18. cxd4 exd4 19. Nxd4 Nc5 20. f3 Nxb3 21. Qxb3 h6 22. Bf4 d5 23. exd5 Nxd5 24. Bg3 Bf6 25. Rad1 Ne3 26. Rxe3 Bxd4 27. Kh1 Rxe3 28. Qxe3 Bxe3 29. Rxd7 b6 30. h3 Rc8 31. Kh2 Rc1 32. h4 Bg1+ 33. Kh3 Rc2 34. Be5 Bc5 35. Bc3 Ba3 36. Bd4 Bxb2 37. Bxb6 Be5 38. a4 Rc8 39. a5 Ra8 40. Re7 Bd6 41. Rd7 Be5 42. Re7 Bd6 43. Rd7 Be5 1/2-1/2